Every Teammate of Jayson Tatum Quiz - Statistics

General Stats
  • This quiz has been taken 70 times
    7 since last reset
  • The average score is 44 of 87
Answer Stats
GP Answer % Correct
127 Kyrie Irving
100%
400 Al Horford
86%
22 Amari Williams
86%
334 Derrick White
86%
288 Grant Williams
86%
596 Jaylen Brown
86%
131 Jrue Holiday
86%
99 Kemba Walker
86%
99 Kristaps Porzingis
86%
129 Marcus Morris Sr.
86%
166 Neemias Queta
86%
426 Payton Pritchard
86%
209 Robert Williams III
86%
334 Sam Hauser
86%
159 Terry Rozier
86%
49 Anfernee Simons
71%
132 Aron Baynes
71%
12 Brodric Thomas
71%
257 Daniel Theis
71%
125 Gordon Hayward
71%
74 Hugo Gonzalez
71%
1 Joe Johnson
71%
129 Jordan Walsh
71%
69 Luka Garza
71%
374 Marcus Smart
71%
16 Nikola Vucevic
71%
98 Aaron Nesmith
57%
108 Baylor Scheierman
57%
41 Blake Griffin
57%
49 Dennis Schroder
57%
93 Enes Freedom
57%
22 Jabari Parker
57%
73 Javonte Green
57%
36 J.D. Davison
57%
24 Justin Jackson
57%
235 Luke Kornet
57%
11 Max Shulga
57%
94 Romeo Langford
57%
54 Tristan Thompson
57%
67 Xavier Tillman Sr.
57%
107 Brad Wanamaker
43%
68 Carsen Edwards
43%
28 Dalano Banton
43%
28 Drew Peterson
43%
16 Evan Fournier
43%
28 Greg Monroe
43%
74 Guerschon Yabusele
43%
43 Jaden Springer
43%
34 Jeff Teague
43%
44 Josh Richardson
43%
18 Kadeem Allen
43%
67 Malcolm Brogdon
43%
23 Noah Vonleh
43%
55 Oshae Brissett
43%
29 Ron Harper Jr.
43%
254 Semi Ojeleye
43%
41 Svi Mykhailiuk
43%
26 Tacko Fall
43%
17 Torrey Craig
43%
48 Abdel Nader
29%
20 Bruno Fernando
29%
1 C.J. Miles
29%
13 Jabari Bird
29%
33 Josh Minott
29%
18 Juan Hernangomez
29%
2 Justin Champagnie
29%
1 Juwan Morgan
29%
3 Kelan Martin
29%
19 Lamar Stevens
29%
8 Malik Fitts
29%
1 Matt Ryan
29%
4 Mfiondu Kabengele
29%
20 Mike Muscala
29%
3 Miles Norris
29%
6 Nik Stauskas
29%
6 P.J. Dozier
29%
54 Shane Larkin
29%
37 Tremont Waters
29%
22 Vincent Poirier
29%
2 Xavier Silas
29%
5 Charles Bassey
14%
9 Chris Boucher
14%
2 Jarell Eddie
14%
6 John Tonje
14%
4 Jonathan Gibson
14%
9 Mo Wagner
14%
1 R.J. Hunter
14%
No matching quizzes found
Score Distribution
Percent of People with Each Score
Percentile by Number Answered
Your Score History
You have not taken this quiz since the last reset